00629nam a2200157 a 450000100100000000500170001000800410002704000250006808200180009310000280011124500750013926000770021430000300029150001220032150400280044300004738220201002060518.0180510s19uu dr d r 000 0 spa d aDO-SdBNPbspacBNPHU a519.53bP438m1 aPérez P., Víctor F.10aManual básico de estadística descriptiva /cVíctor F. Pérez P. aSanto Domingo :bUniversidad Tecnológica de Santiago (UTESA),c[19--]. a126 p. :bdiag. ;c28 cm. aDirigido a estudiantes de administracíon, contabilidad, economía, mercadeo, informática, educación y derecho. aBibliografía : p. 128